000 00805cam a22002894a 4500
001 UByD003708
003 AR-LpoUNG
005 20260109123004.0
008 250214s2001||||ag a b 000|1 spa d
020 _a9789876420219
040 _aAR-LpoUNG
_bspa
_cAR-LpoUNG
_eaacr
041 0 _aspa
044 _aag
082 0 _a808.068 3 298son
100 1 _aBasch, Adela
245 1 0 _aSon muchas preguntas y todas juntas
250 _a1ra. ed.
260 _aBuenos Aires :
_bEdelvives,
_c2010.
300 _a55 p. :
_bil.
505 0 _aSugerido a partir de 8 aƱos (etiqueta CELESTE).
650 4 _aCuentos
650 4 _aLiteratura
653 0 _aLiteratura infantil
700 0 _aPerica
_eil.
942 _cLIB
_2ddc
999 _c66398
_d66398